Movies Quiz

Random Movies Quiz

22 Jump Street Fake Sequels Quiz Stats

 Plays Quiz not verified by Sporcle

Also try: Movie Death Haikus
Challenge
Share
Tweet
Embed
Score 0/22 Timer 05:00
0 Plays Today
% Correct
Medical School
87.1%
Culinary School
86.5%
Dance Academy
85.6%
Flight Academy
85.3%
Veterinary School
82.6%
Military School
82%
Fireman Academy
78.1%
Arts School
76%
Semester at Sea
73.3%
2121 Jump Street
73.3%
Beauty School
72.4%
% Correct
Foreign Exchange
72.1%
Ninja Academy
68.8%
Scuba Class
68.2%
Magic School
67.9%
Traffic School
67%
The Retirement Home
62.5%
Sunday School
59.2%
Mariachi School
56.8%
Return of the Ghost
53.5%
Generations
46.8%
The Electronic Game
41.7%

You're not logged in!

Compare scores with friends on all Sporcle quizzes.
Join for Free
OR
Log In

You Might Also Like...

Show Comments

Extras

Top Quizzes Today


Score Distribution

Your Account Isn't Verified!

In order to create a playlist on Sporcle, you need to verify the email address you used during registration. Go to your Sporcle Settings to finish the process.

Report this User

Report this user for behavior that violates our Community Guidelines.

Details: